| 000 | 01107nam a2200301Ia 4500 | ||
|---|---|---|---|
| 001 | Para_9209 | ||
| 003 | CHAP | ||
| 005 | 20220818141920.0 | ||
| 008 | 220125s2006 xx 000 0 und d | ||
| 010 | _a207926 | ||
| 040 | _cCHAP | ||
| 090 | _aPA TESIS 2016 | ||
| 100 |
_aSebastián Gámez, Víctor _9103469 |
||
| 245 |
_a(Phytophthora capsici Leo.) Causante de la pudrición del cuello en el cultivo de jitomate (Lycopersicon esculentum Mill.), en San Gabriel Chilac, Puebla / _c por Víctor Sebastián Gámez |
||
| 260 |
_aChapingo , Méx. : _b el autor |
||
| 300 | _a44 h | ||
| 502 | _aTesis (Ing. Agr. Esp. en Parasitología Agrícola) -- UACh. Departamento Parasitología Agrícola | ||
| 650 |
_aHongos fitopatógenos _956132 |
||
| 650 |
_aPhytophthora capsici _987920 |
||
| 650 |
_aTomate _x enfermedades por hongos _9113713 |
||
| 710 |
_aUACh. Departamento Parasitilogía Agrícola _9174384 |
||
| 901 | _aPA TESIS 2016 | ||
| 902 | _aM | ||
| 905 | _a0000002006 dn 0000000000 00 | ||
| 910 | _a2006 | ||
| 942 |
_cPARA _2local |
||
| 942 |
_cPARA _2local |
||
| 999 |
_c207926 _d207926 |
||